| 000 | 00828nam a2200205Ia 4500 | ||
|---|---|---|---|
| 001 | 10155 | ||
| 003 | GE_BSU | ||
| 008 | 181216s||||||||xx |||||||||||||| ||und|| | ||
| 040 | _cGE_BSU | ||
| 080 | _a821.353.1.09 | ||
| 100 | _aსხირტლაძე,სიმონ | ||
| 245 | _aწერილები:ქართულ ლიტერატურაზე | ||
| 245 | _cშემდგ.თამარ ჯაფარიძე.რედ.მურმან ლებანიძე.მხატვ.უჩა ჯაფარიძე | ||
| 260 | _aთბილისი | ||
| 260 | _bსაბჭოთა საქართველო | ||
| 260 | _c1977 | ||
| 300 | _a360გვ.პორტრ.16სმ. | ||
| 653 | _aწერილები:ქართულ ლიტერატურაზე | ||
| 942 | _cBK | ||
| 999 |
_c43425 _d43425 |
||